| Tag |
First Indicator |
Second Indicator |
Subfields |
| LEADER |
00000cam a2200000 i 4500 |
| 001 |
in00000058377 |
| 005 |
20151007082230.0 |
| 008 |
780116s1940 nyu 00110 eng d |
| 010 |
|
|
|a 40006961
|
| 035 |
|
|
|a (OCoLC)03559818
|
| 035 |
|
|
|9 AAF7572AM
|
| 040 |
|
|
|a KLG
|c KLG
|d TXA
|d UtOrBLW
|
| 049 |
|
|
|a TXAM
|c [235387]
|
| 090 |
|
|
|a HM281
|b .H8
|
| 092 |
|
|
|a 321.092
|b H946r
|
| 100 |
1 |
|
|a Hunter, Robert,
|d 1874-1942.
|
| 245 |
1 |
0 |
|a Revolution :
|b why, how, when /
|c by Robert Hunter.
|
| 264 |
|
1 |
|a New York :
|b Harper,
|c [1940]
|
| 264 |
|
4 |
|c ©1940
|
| 300 |
|
|
|a xvi, 385 pages ;
|c 23 cm.
|
| 336 |
|
|
|a text
|b txt
|2 rdacontent
|
| 337 |
|
|
|a unmediated
|b n
|2 rdamedia
|
| 338 |
|
|
|a volume
|b nc
|2 rdacarrier
|
| 500 |
|
|
|a Includes bibliographical references and index.
|
| 650 |
|
0 |
|a Revolutions.
|
| 650 |
|
0 |
|a Social history.
|
| 650 |
|
0 |
|a Despotism.
|
| 999 |
|
|
|a MARS
|
| 999 |
f |
f |
|s f84501ac-7d4b-34da-a95a-f9d95b007b62
|i 39663a35-c43f-32c5-971b-f8dddf8c268d
|t 0
|
| 952 |
f |
f |
|p ric
|a Texas A&M University
|b Rellis Campus
|c Joint Library Facility
|d Remote Storage
|t 0
|e HM281 .H8
|h Library of Congress classification
|i unmediated -- volume
|m A14800662265
|
| 998 |
f |
f |
|a HM281 .H8
|t 0
|l Remote Storage
|